000 00338nam a2200121Ia 4500
008 220216s9999 xx 000 0 und d
100 _aSaraswathyamma C K
245 4 _aThe Breeding programme of Hevea brasiliensis in India during early 1970s
260 _bRubber Reporter
_c1992
300 _a21-23
700 _aGeorge P J
942 _cJS
999 _c70483
_d70483